Quizzes
Events
Quiz Creation
Community
Videos
Private Events
Remove Ads
Sign In
Join for FREE
Feedback
Dark Mode
Quiz Categories
Sports
Geography
Music
Movies
Television
Just For Fun
Miscellaneous
History
Literature
Language
Science
Gaming
Entertainment
Religion
Holiday
For Kids
Quiz Lab
Recent
Popular Today
Quiz Kudos Today
Editor Picks
Curator Picks
Quizzes by...
Day
Popularity
Type
Ratings
Length
Year
Community
Subscriptions
Recent Discussions
Orange Saloon
Badges
Playlists
Quests
Create
Leaderboards
Showdown
Live 5
Trivia Bingo
Activity
Puzzle Library
Sporcle Events
Private Events
Virtual Trivia
Globe League
Become a Host
Pub Owners
SporcleCon
Opinionation
Our Games
Videos
Blog
Mobile Apps
Partnerships
Remove Ads and Go Orange
Feedback
Music
Pop Music
The Beatles
Song
Album
Lyrics
Bands
Singers
Artist
Clip
Rock
Rap
Classical
Billboard
Country Music
Kpop
Taylor Swift
Music
Pop Music
The Beatles
Song
Album
Lyrics
Bands
Singers
Artist
Clip
Rock
Rap
Classical
Billboard
Country Music
Kpop
Taylor Swift
Random Quiz
Search Sporcle
×
Quiz Lab
Quiz Lab
Music
Bands
Type in answers that appear in a list
Type in answers that appear in a list
Classic
Best Score? Go Orange.
Metal songs Stats
Can you name the metal band who performed the songs below?
By
hometown
5m
30 Questions
127 Plays
127 Plays
127 Plays
Comments
Comments
Give Quiz Kudos
Give Quiz Kudos
-
- Ratings
hide this ad
Replay
Link that replays current quiz
Next Quiz
Link to next quiz in quiz playlist
You Got
0%
They Got
Avg Score
30%
Avg Friend Score
Upgrade to see
Score Distribution
Jump to the score distribution portion of the page
Score
0/30
Timer
05:00
0
Plays Today
Name the band
% Correct
Orion
Metallica
83.5%
NIB
Black Sabbath
74.8%
22 Acacia Avenue
Iron Maiden
70.9%
Train of Consequences
Megadeth
62.2%
Indians
Anthrax
60.6%
Bloodline
Slayer
57.5%
Parental Guidance
Judas Priest
48.8%
Ten Seconds to Love
Motley Crue
37.8%
Monkey Business
Skid Row
34.6%
Killed by Death
Motorhead
32.3%
China White
Scorpions
29.1%
Wanted Man
Ratt
29.1%
Ride On
ACDC
27.6%
Captain Howdy
Twisted Sister
22%
Just Got Lucky
Dokken
21.3%
Name the band
% Correct
Invisible
Dio
20.5%
Let It Go
Def Leppard
20.5%
Street of Dreams
Rainbow
18.1%
Walk in the Shadows
Queensryche
17.3%
Widowmaker
WASP
17.3%
Rock City
Saxon
15%
Stayed Awake All Night
Krokus
15%
Say What You Will
Fastway
13.4%
Once Around the Ride
Cinderella
13.4%
Get It On
Kingdom Come
12.6%
Princess of the Dawn
Accept
11.8%
Bloodlust
Venom
11%
Rock You
Helix
10.2%
Asleep at the Wheel
Suicidal Tendencies
8.7%
Shadow Rider
King Kobra
4.7%
Quiz Playlist
Details
Report
Send in Message
Add To Playlist
Classic:
Type in answers that appear in a list
Last Updated: Feb 16, 2017
Quiz Scoreboard
CHALLENGE
Sign Up to Join the Scoreboard
Show All
Scores
Hide
Comments
May contain spoilers
Recently Published
Click the 1999 NBA Draft
by nibperrychub
Sports
2m
Alphabetical 'K' Countries by Flag Minefield
by ylime102
Geography
3m
Pick 6: Fruits
by JohnFran
Miscellaneous
15s
More to Explore
Quiz From the Vault
Featured Blog Post
15 Basketball Trivia Facts You Can Be March Mad About
hide this ad
You Might Also Like...
Tags
Bands Quiz
Song Quiz
metal
Performed
Today's Top Quizzes in Music
Browse Music
hide this ad
Today's Top Quizzes in Bands
Browse Bands
Top Contributed Quizzes in Music
1
KPOP LOGIC QUIZ
2
Taylor Swift All Songs (2024)
3
NCT 2020 Logic Puzzle
4
Taylor Swift Logic Puzzle
5
Lana Del Rey songs - match the song with the album
6
Taylor Swift: Logic Puzzle
7
Guess The Taylor Swift Lyrics Song #1
8
Joni Mitchell—'Car on a Hill' Lyrics
9
kpop group name match up
10
Guess the Taylor Swift song (Mystery Song)
Explore More
Trending Topics
Crossword
NBA
Disney
Anime
Harry Potter
Marvel
Kpop
The Office
Pokémon
Soccer
Country
WWE
NFL
Puzzle
Song
hide this ad
More By:
hometown
Quiz
Plays
Rating
Category
Featured
Created
NBA All-Star Weekend - 3-point Winners
303
4.67
Sports
Jan 20, 2010
Classic Rock Songs
191
1.50
Music
Mar 9, 2010
Metal songs
127
2.50
Music
Dec 1, 2009
March Madness National Champs
83
4.00
Sports
Mar 5, 2014
Go to Creator's Profile
Score Distribution
Quiz Creator Spotlight
hometown
Follow
Send a Message
Quizzes Created
-
Created Quiz Play Count
-
More By This Creator
Popular Quizzes Today
1
Find the US States - No Outlines Minefield
2
Countries of Asia Without Outlines Minefield
3
Pick 6: Fruits
4
Alphabetical 'K' Countries by Flag Minefield
5
The Countries of the World
6
Click the 1999 NBA Draft
7
Find the US States
8
Match the Book to the Film X
More Music Quizzes
Singles by the Artist or the Band?
Published
Trending Quizzes
Pick 6: Harry Potter
Pick 6: Golfers
Pick 6: Movie Franchises
Pick 6: Foods
Pick 6: Landmarks
Recently Updated
Women's Final Four Teams by Year
bhenderson79
Presidents Quartet II
eogle
Anything But Clue(do)
eogle
Anything But Oceanian Capitals
eogle
Anything But 7
eogle
Anything But Thing
eogle
Word Ladder: February 29
pecheneg
Song Title Questions
pecheneg
Women's NCAA Tournament #1 Seeds
pecheneg
Celebrity Mug Shots
pecheneg
Trending Topics
Kpop
Crossword
Disney
NBA
Marvel
Harry Potter
Anime
NFL
Pokémon
Song
WWE
Country
The Office
Soccer
Puzzle
Your Account Isn't Verified!
In order to create a playlist on Sporcle, you need to verify the email address you used during registration. Go to your
Sporcle Settings
to finish the process.
Report this User
Report this user for behavior that violates our
Community Guidelines
.
Details:
Send Report
Go to the Sporcle.com Mobile Site →
Comments